Women's rights watch year report 1999 (Record no. 1849)
[ view plain ]
| 000 -LEADER | |
|---|---|
| fixed length control field | 00224nam a2200097Ia 4500 |
| 008 - FIXED-LENGTH DATA ELEMENTS--GENERAL INFORMATION | |
| fixed length control field | 240331s9999 xx 000 0 und d |
| 082 ## - DDC Classification | |
| Item Number - Author Mark | SAM |
| 100 ## - MAIN ENTRY--PERSONAL NAME | |
| Personal name | Samuel, K |
| 245 #0 - TITLE STATEMENT | |
| Title | Women's rights watch year report 1999 |
| 942 ## - Koha item type (Biblio) | |
| Koha item type | Books in Stacks (Lending) |
No items available.
